ISO 9000: preparing for registration
Uloženo v:
| Hlavní autor: | |
|---|---|
| Médium: | Kniha |
| Jazyk: | angličtina |
| Vydáno: |
Milwaukee
ASQC Quality Press
1992
|
| Edice: | Quality and Reliability, 32
|
| Témata: | |
| Tagy: |
Přidat tag
Žádné tagy, Buďte první, kdo vytvoří štítek k tomuto záznamu!
|
MARC
| LEADER | 00000nam a2200000 a 4500 | ||
|---|---|---|---|
| 001 | UCX7174 | ||
| 003 | CL-VaPUC | ||
| 008 | 931130e19920000US |||||||||||||||||eng|d | ||
| 082 | 0 | 4 | |a 658.562 |b LAM |2 21 |
| 100 | 0 | |a Lamprecht, James L |e author |9 323974 | |
| 245 | 1 | 0 | |a ISO 9000: preparing for registration |
| 300 | |a 236 p | ||
| 942 | |c BK | ||
| 945 | |d 19931130 00:00:00 |a mfernand | ||
| 260 | |a Milwaukee |b ASQC Quality Press |c 1992 | ||
| 650 | 0 | |a Control de calidad |9 259714 | |
| 650 | 7 | |a NORMAS |2 CL-VaPUC |9 259606 | |
| 650 | 7 | |a NORMAS DE PRODUCCION |2 CL-VaPUC |9 263856 | |
| 650 | 7 | |a GARANTIA DE CALIDAD |2 CL-VaPUC |9 323975 | |
| 650 | 0 | |a Normalización |9 262666 | |
| 583 | |a last modification |c 20140108 04:08:39 |k Rodrigo Vera | ||
| 490 | 0 | |a Quality and Reliability, 32 | |
| 999 | |c 227069 |d 227067 | ||
| 952 | |0 0 |1 0 |3 erd |4 0 |6 658_562000000000000_LAM_1992 |7 0 |8 A |9 225845 |a BIBGIM |b BIBGIM |d 2019-11-15 |i 2945711 |o 658.562 LAM 1992 |p 2945711 |r 2025-01-15 |w 2019-11-15 |y BK |k EST | ||
| 952 | |0 0 |1 0 |3 erd |4 0 |6 658_562000000000000_LAM_1992 |7 0 |8 F |9 225846 |a BIBING |b BIBING |d 2019-11-15 |i 3158608 |o 658.562 LAM 1992 |p 3158608 |r 2025-01-20 |w 2019-11-15 |y BK_F |k EIQ | ||